| 000 | 00848nam a2200241 a 4500 | ||
|---|---|---|---|
| 001 | 000025511 | ||
| 003 | OSt | ||
| 005 | 20250626131117.0 | ||
| 008 | 110217s1958 dr 000 0 spa d | ||
| 040 |
_aDO-SdBNP _bspa _cBNPHU |
||
| 082 |
_a519.5 _bA655m |
||
| 100 |
_aDieulefait, Enrique _977296 |
||
| 245 | 0 | 0 |
_aApuntes de matemáticas para estadística / _c Enríquez Dieulefait. |
| 260 |
_aCiudad Trujillo, República Dominicana : _bUniversidad de Santo Domingo, _c1958. |
||
| 300 |
_a265 p. ; _c28 cm. |
||
| 500 | _aCorrespondientes al curso dictado por el profesor Enríquez Dieulefait | ||
| 590 | _aInventariado, 2019 / DG | ||
| 650 | 0 |
_aEstadística matemática _920984 |
|
| 650 | 4 |
_aMatemáticas _xEnseñanza _926423 |
|
| 710 | 2 |
_aUniversidad de Santo Domingo _937767 |
|
| 910 | _aValidado. Control de calidad MFF | ||
| 942 |
_2ddc _cLBS1 |
||
| 999 |
_c25003 _d25003 |
||